Statystyki dla 15 krajów o największej liczbie zgonów Covid19 - 9 lutego 2022

Kliknij tutaj aby rozwiązać quiz!

Ogólne statystyki

  • Ten quiz został rozwiązany 18 razy
  • Średni wynik to 14 z 26

Statystyki odpowiedzi

kraj% Poprawnych
Polska
100%
Stany Zjednoczone
94%
Włochy
94%
Niemcy
89%
Rosja
89%
Francja
83%
Indie
83%
Wielka Brytania
83%
Brazylia
78%
Meksyk
67%
Argentyna
56%
Kolumbia
56%
Czechy
50%
Chorwacja
39%
Rumunia
39%
Słowacja
39%
Bułgaria
33%
Iran
33%
Peru
33%
Słowenia
28%
Węgry
28%
Bośnia i Hercegowina
22%
Indonezja
22%
Litwa
22%
Macedonia Północna
11%
Gruzja
6%

Rozkład punktacji

Percentyl według liczby udzielonych odpowiedzi

Procent ludzi z każdym wynikiem

Twoja historia wyników

Nie rozwiązałeś tego quizu